Central Library || Chittagong University

ধর্মের সহজপাঠ / (Record no. 102085)

MARC details
000 -LEADER
fixed length control field 00682nam a22002057a 4500
003 - CONTROL NUMBER IDENTIFIER
control field BD-ChCU
005 - DATE AND TIME OF LATEST TRANSACTION
control field 20230525115230.0
008 - FIXED-LENGTH DATA ELEMENTS--GENERAL INFORMATION
fixed length control field 230525b bg ||||| |||| 00| 0 ben d
020 ## - INTERNATIONAL STANDARD BOOK NUMBER
International Standard Book Number 9789849338758
040 ## - CATALOGING SOURCE
Transcribing agency BD-ChCU
050 ## - LIBRARY OF CONGRESS CALL NUMBER
Classification number 22
082 ## - DEWEY DECIMAL CLASSIFICATION NUMBER
Edition number 22
Classification number ২০০.০৯ হাই ১ ধ
100 ## - MAIN ENTRY--PERSONAL NAME
9 (RLIN) 1341
Personal name হাই,মোহাম্মদ আবদুল
245 ## - TITLE STATEMENT
Title ধর্মের সহজপাঠ /
Statement of responsibility, etc. মোহাম্মদ আবদুল হাই
250 ## - EDITION STATEMENT
Edition statement 22
260 ## - PUBLICATION, DISTRIBUTION, ETC.
Place of publication, distribution, etc. ঢাকা :
Name of publisher, distributor, etc. সূচীপত্র,
Date of publication, distribution, etc. c২০২১
300 ## - PHYSICAL DESCRIPTION
Extent ৪৪১পূ. :
Dimensions 22
650 #0 - SUBJECT ADDED ENTRY--TOPICAL TERM
9 (RLIN) 1353
Topical term or geographic name entry element ধর্ম-ইতিহাস
942 ## - ADDED ENTRY ELEMENTS (KOHA)
Source of classification or shelving scheme Dewey Decimal Classification
Koha item type Books
Suppress in OPAC No
Holdings
Withdrawn status Lost status Source of classification or shelving scheme Damaged status Not for loan Home library Current library Date acquired Source of acquisition Total Checkouts Full call number Barcode Date last seen Copy number Price effective from Koha item type
    Dewey Decimal Classification     Chittagong University Library Chittagong University Library 05/25/2023 purchase   ২০০.০৯ হাই ১ ধ 330738 05/25/2023 ক-১ 05/25/2023 Books
© Copyright 2026. Chittagong University Library, Installation and Maintenance by Prof. Dr. Md. Alamgir, 01711306253